00526cam a2200193 a 4500001000800000005001700008008004100025010001700066020003500083040002800118041000800146043001200154080001200166082002000178100000700198101000800205245006900213504005000282256036120180312084508.0950512s1995 nyu b 000 0 eng  a 95020281  a1573920037 (pbk. : alk. paper) aDLCcDLCdDLCdWaUdDLC aeng an-us--- a306.76600a306.766 BAI220 a50 aSOC00aHomosexuality :cedited by Robert M. Baird & M. Katherine Baird. aIncludes bibliographical references (p. 279).